| 000 | 00352nam a2200145Ia 4500 | ||
|---|---|---|---|
| 005 | 20251222143117.0 | ||
| 008 | 251222s9999||||xx |||||||||||||| ||spa|| | ||
| 020 | _a9781905622177 | ||
| 082 | _a916.6/C545 | ||
| 100 | _aCherkaoui, Mohamed | ||
| 245 | 0 | _aEl Sahara: | |
| 250 | _a1ra.ed. | ||
| 264 | _bSiglo XXI de EspaƱa Editores, S.A. | ||
| 942 | _cLIB | ||
| 999 |
_c11393 _d11393 |
||